000 003160000a22000970004500
100 1 _aBarrick, W. Boyd (1946-)
245 1 0 _aLoving Too Well: The negative Portrayal of Solomon and the composition of the Kings History
300 _avol. 59, núm 4 (2001), Páginas 419-449
773 0 _tEstudios Bíblicos
942 _cANA
999 _c50352
_d50352